<?xml version="1.0" encoding="UTF-8"?>
<record
    xmlns:xsi="http://www.w3.org/2001/XMLSchema-instance"
    xsi:schemaLocation="http://www.loc.gov/MARC21/slim http://www.loc.gov/standards/marcxml/schema/MARC21slim.xsd"
    xmlns="http://www.loc.gov/MARC21/slim">

  <leader>00924cam a22002774a 4500</leader>
  <datafield tag="952" ind1=" " ind2=" ">
    <subfield code="0">0</subfield>
    <subfield code="1">0</subfield>
    <subfield code="2">ddc</subfield>
    <subfield code="4">0</subfield>
    <subfield code="7">0</subfield>
    <subfield code="8">DATA</subfield>
    <subfield code="a">MES</subfield>
    <subfield code="b">MES</subfield>
    <subfield code="c">COMP</subfield>
    <subfield code="d">2022-09-26</subfield>
    <subfield code="e">53</subfield>
    <subfield code="g">740.00</subfield>
    <subfield code="l">0</subfield>
    <subfield code="o">006.312 HAN/D</subfield>
    <subfield code="p">41584</subfield>
    <subfield code="r">2022-09-26 00:00:00</subfield>
    <subfield code="v">740.00</subfield>
    <subfield code="w">2022-09-26</subfield>
    <subfield code="y">BK</subfield>
    <subfield code="z">GL33R3</subfield>
  </datafield>
  <datafield tag="999" ind1=" " ind2=" ">
    <subfield code="c">41540</subfield>
    <subfield code="d">41540</subfield>
  </datafield>
  <controlfield tag="001">16722365</controlfield>
  <controlfield tag="003">OSt</controlfield>
  <controlfield tag="005">20220922110515.0</controlfield>
  <controlfield tag="008">110405s2012    maua          000 0 eng  </controlfield>
  <datafield tag="010" ind1=" " ind2=" ">
    <subfield code="a">  2011010635</subfield>
  </datafield>
  <datafield tag="020" ind1=" " ind2=" ">
    <subfield code="a">9780123814791</subfield>
  </datafield>
  <datafield tag="040" ind1=" " ind2=" ">
    <subfield code="a">DLC</subfield>
    <subfield code="c">DLC</subfield>
    <subfield code="d">DLC</subfield>
  </datafield>
  <datafield tag="042" ind1=" " ind2=" ">
    <subfield code="a">pcc</subfield>
  </datafield>
  <datafield tag="050" ind1="0" ind2="0">
    <subfield code="a">QA76.9.D343</subfield>
    <subfield code="b">H36 2012</subfield>
  </datafield>
  <datafield tag="082" ind1="0" ind2="0">
    <subfield code="a">006.312</subfield>
    <subfield code="2">22</subfield>
    <subfield code="b">HAN/D</subfield>
  </datafield>
  <datafield tag="100" ind1="1" ind2=" ">
    <subfield code="a">Han, Jiawei</subfield>
    <subfield code="9">9119</subfield>
  </datafield>
  <datafield tag="245" ind1="1" ind2="0">
    <subfield code="a">Data mining :</subfield>
    <subfield code="b">concepts and techniques /</subfield>
    <subfield code="c">Jiawei Han, Micheline Kamber, Jian Pei.</subfield>
  </datafield>
  <datafield tag="250" ind1=" " ind2=" ">
    <subfield code="a">3rd ed.</subfield>
  </datafield>
  <datafield tag="260" ind1=" " ind2=" ">
    <subfield code="a">Burlington, MA :</subfield>
    <subfield code="b">Elsevier,</subfield>
    <subfield code="c">c2012.</subfield>
  </datafield>
  <datafield tag="300" ind1=" " ind2=" ">
    <subfield code="a">xxxv, 703 p. :</subfield>
    <subfield code="b">ill. ;</subfield>
    <subfield code="c">25 cm.</subfield>
  </datafield>
  <datafield tag="650" ind1=" " ind2="0">
    <subfield code="a">Data mining.</subfield>
  </datafield>
  <datafield tag="700" ind1="1" ind2=" ">
    <subfield code="a">Kamber, Micheline</subfield>
    <subfield code="9">9120</subfield>
  </datafield>
  <datafield tag="906" ind1=" " ind2=" ">
    <subfield code="a">7</subfield>
    <subfield code="b">cbc</subfield>
    <subfield code="c">orignew</subfield>
    <subfield code="d">1</subfield>
    <subfield code="e">ecip</subfield>
    <subfield code="f">20</subfield>
    <subfield code="g">y-gencatlg</subfield>
  </datafield>
  <datafield tag="942" ind1=" " ind2=" ">
    <subfield code="2">ddc</subfield>
    <subfield code="c">BK</subfield>
    <subfield code="h">006.312</subfield>
    <subfield code="i">HAN/D</subfield>
    <subfield code="k">006.312</subfield>
    <subfield code="m">HAN/D</subfield>
  </datafield>
</record>
